Every Country with 1+ NBA Player - Statistics

General Stats
  • This quiz has been taken 91 times
    32 since last reset
  • The average score is 64 of 94
Answer Stats
Example Player Total Country % Correct
Manu Ginobili 16 Argentina
100%
Andrew Wiggins 68 Canada
100%
Nikola Jokic 34 Serbia
100%
Pau Gasol 21 Spain
100%
LeBron James All Others United States
100%
Joe Ingles 39 Australia
96%
Anderson Varejao 20 Brazil
96%
Yao Ming 9 China
96%
Dirk Nowitzki 21 Germany
96%
Giannis Antetokounmpo 16 Greece
96%
Rui Hachimura 6 Japan
96%
Jaime Jaquez Jr 7 Mexico
96%
Andrei Kirilenko 15 Russia
96%
Tony Parker 59 France
92%
Kristaps Porzingis 7 Latvia
92%
Neemias Queta 1 Portugal
92%
Joel Freeland 14 United Kingdom
92%
Lauri Markkanen 3 Finland
88%
Arvydas Sabonis 17 Lithuania
88%
Steven Adams 3 New Zealand
88%
Hakeem Olajuwon 30 Nigeria
88%
Luka Doncic 13 Slovenia
88%
Ha Sueng-Jin 1 South Korea
88%
Al Horford 15 Dominican Republic
84%
Abdel Nader 2 Egypt
84%
Marcin Gortat 6 Poland
84%
Richard Petruska 1 Slovakia
84%
Jonas Jerebko 4 Sweden
84%
Hedo Turkoglu 16 Turkey
84%
Pascal Siakam 8 Cameroon
80%
Dikembe Mutombo 6 DR Congo
80%
Deni Avdija 8 Israel
80%
Danilo Gallinari 14 Italy
80%
Rik Smits 9 Netherlands
80%
Torgeir Bryn 1 Norway
80%
Clint Capela 3 Switzerland
80%
Svi Mykhailiuk 11 Ukraine
80%
Tomas Satoransky 5 Czechia
76%
Pat Burke 3 Ireland
76%
Nikola Vucevic 10 Montenegro
76%
Gorgui Dieng 14 Senegal
76%
Manute Bol 1 Sudan
76%
Deandre Ayton 9 Bahamas
72%
Drazen Petrovic 24 Croatia
72%
Gary Forbes 4 Panama
72%
Toumani Camara 3 Belgium
68%
Jaime Echenique 1 Colombia
68%
Petur Guomundsson 1 Iceland
68%
Hamed Haddadi 1 Iran
68%
Jordan Clarkson 3 Philippines
68%
Wenyen Gabriel 10 South Sudan
68%
Greivis Vasquez 6 Venezuela
68%
Jusuf Nurkic 7 Bosnia and Herzegovina
64%
Andres Guibert 2 Cuba
64%
Gabriel Lundberg 1 Denmark
64%
Martin Muursepp 2 Estonia
64%
Nathan Mensah 3 Ghana
64%
Nick Richards 12 Jamaica
64%
Jakob Poeltl 1 Austria
60%
Sasha Vezenkov 4 Bulgaria
60%
JJ Barea 21 Puerto Rico
60%
Maalik Wayns 1 Belarus
56%
Skal Labissiere 3 Haiti
56%
Kornel David 1 Hungary
56%
Norchad Omier 1 Nicaragua
56%
Pero Antic 5 North Macedonia
56%
Gheorghe Muresan 1 Romania
56%
Bruno Fernando 1 Angola
52%
Garth Joseph 1 Dominica
52%
Zaza Pachulia 11 Georgia
52%
Rondae Hollis-Jefferson 1 Jordan
52%
Omari Spellman 6 Lebanon
52%
Cheick Diallo 4 Mali
52%
Hasheem Thabeet 1 Tanzania
52%
Josh Reaves 1 Bolivia
48%
Mamadi Diakite 2 Guinea
48%
Marques Bolden 1 Indonesia
48%
Tim Duncan 4 US Virgin Islands
48%
Matt Costello 3 Ivory Coast
44%
Alvin Jones 1 Luxembourg
44%
DeVaughn Akoon-Purcell 2 Trinidad and Tobago
44%
Salah Mejri 1 Tunisia
44%
Brandon Davies 2 Uganda
40%
Esteban Batista 1 Uruguay
40%
D'Moi Hodge 1 British Virgin Islands
36%
Hesham Salem 2 Libya
36%
Donta Hall 1 Azerbaijan
32%
Chris Silva 2 Gabon
32%
Rawle Marshall 2 Guyana
32%
Julius Hodge 1 Antigua and Barbuda
28%
Othello Hunter 1 Liberia
28%
Jarvis Hayes 2 Qatar
28%
Milt Palacio 3 Belize
20%
Edy Tavares 1 Cape Verde
20%
No matching quizzes found
Score Distribution
Percent of People with Each Score
Percentile by Number Answered
Your Score History
You have not taken this quiz since the last reset